فلسفة برتراند رسل/ (Record no. 5800)
[ view plain ]
| 000 -LEADER | |
|---|---|
| fixed length control field | 00656nac a22001931u 4500 |
| 008 - FIXED-LENGTH DATA ELEMENTS--GENERAL INFORMATION | |
| fixed length control field | 080828s1986 ua||||||r||| 000 0dra d |
| 020 ## - INTERNATIONAL STANDARD BOOK NUMBER | |
| International Standard Book Number | 9770220051 |
| 082 ## - DEWEY DECIMAL CLASSIFICATION NUMBER | |
| Classification number | 192 |
| Item number | م ه ر |
| Edition number | 22 |
| 245 ## - TITLE STATEMENT | |
| Title | فلسفة برتراند رسل/ |
| Statement of responsibility, etc | تأليف محمد مهران |
| 250 ## - EDITION STATEMENT | |
| Edition statement | ط3 |
| 260 ## - PUBLICATION, DISTRIBUTION, ETC. (IMPRINT) | |
| Place of publication, distribution, etc | القاهرة |
| Name of publisher, distributor, etc | دار المعارف، 1986 |
| Date of publication, distribution, etc | 1986. |
| 300 ## - PHYSICAL DESCRIPTION | |
| Extent | 403 ص؛ |
| Dimensions | 24 سم |
| 504 ## - BIBLIOGRAPHY, ETC. NOTE | |
| Bibliography, etc | ببليوجرافية: ص 395-403 |
| 511 ## - PARTICIPANT OR PERFORMER NOTE | |
| Participant or performer note | Catalogued by: Sara |
| 541 ## - IMMEDIATE SOURCE OF ACQUISITION NOTE | |
| Source of acquisition | ألف باء; |
| 600 ## - SUBJECT ADDED ENTRY--PERSONAL NAME | |
| 9 (RLIN) | 16569 |
| Personal name | رسل، برتراند |
| Dates associated with a name | 1872-1970 |
| 650 ## - SUBJECT ADDED ENTRY--TOPICAL TERM | |
| 9 (RLIN) | 15104 |
| Topical term or geographic name as entry element | الفلسفة الغربية |
| 942 ## - ADDED ENTRY ELEMENTS (KOHA) | |
| Item type | Book - Borrowing |
| Call number prefix | 192م ه ر |
| Source of classification or shelving scheme | Dewey Decimal Classification |
| Withdrawn status | Item status | Source of classification or shelving scheme | Damaged status | Not for loan | Vendor | Home library | Current library | Shelving location | Date acquired | Source of acquisition | Total Checkouts | Full call number | Barcode | Date last seen | Koha item type |
|---|---|---|---|---|---|---|---|---|---|---|---|---|---|---|---|
| Dewey Decimal Classification | Alef-Baa | Central Library | Central Library | Lower Floor | 21/07/2010 | 192 م ه ر | 000007431 | 15/07/2025 | Book - Borrowing |